LEADER 01593nam 2200253la 450 001 9910481298103321 005 20221102155512.0 035 $a(UK-CbPIL)2090349704 035 $a(CKB)5500000000085365 035 $a(EXLCZ)995500000000085365 100 $a20221102d1543 uy | 101 0 $alat 135 $aurcn||||a|bb| 200 10$aM. Vitruuii ... De architectura libri decem, ad Augustum Caesarem accuratiss. conscripti Nunc primum in Germania qua potuit diligentia excusi, atque hic inde schematibus non iniucundis exornati. Adiecimus etiam propter argumenti conformitatem, Sexti Iulii Frontini De aquaeductibus vrbis Romae, libellum. Item ex libro Nicolai Cusani card. De staticis experimentis, fragmentum. Cum indice copiosissimo, & dispositione longe meliori, qua?m antea 210 $aStrasbourg $c[s.n.]$d1543 215 $aOnline resource ([52], 262 [i.e. 260, 52] p., 4º) 300 $aReproduction of original in Biblioteca Nazionale Centrale di Firenze. 700 $aVitruvius$b Pollio$08237 801 0$bUk-CbPIL 801 1$bUk-CbPIL 906 $aBOOK 912 $a9910481298103321 996 $aM. Vitruuii ... De architectura libri decem, ad Augustum Caesarem accuratiss. conscripti Nunc primum in Germania qua potuit diligentia excusi, atque hic inde schematibus non iniucundis exornati. Adiecimus etiam propter argumenti conformitatem, Sexti Iulii Frontini De aquaeductibus vrbis Romae, libellum. Item ex libro Nicolai Cusani card. De staticis experimentis, fragmentum. Cum indice copiosissimo, & dispositione longe meliori, quàm antea$92290225 997 $aUNINA